Tesaure BIMA / Sílvia Domènech i Fernàndez
Descripción Física:
127 p. ; 30 cm
MARC
| LEADER | 00000nam a2200000Ia 4500 | ||
|---|---|---|---|
| 001 | 11712 | ||
| 008 | 160829s1997 xx 000 0 cat d | ||
| 080 | |a A-1-104 | ||
| 100 | |a Domènech i Fernàndez, Sílvia |9 24145 | ||
| 245 | |a Tesaure BIMA / Sílvia Domènech i Fernàndez | ||
| 260 | |a Barcelona : |b Ajuntament de Barcelona. Arxiu Municipal de Barcelona, |c 1997 | ||
| 300 | |a 127 p. ; |c 30 cm | ||
| 490 | |a Normes i reglaments de l'Arxiu Municipal de Barcelona ; 2 | ||
| 590 | |a A la portada: Arxiu Municipal de Barcelona. | ||
| 590 | |a Bibliografia | ||
| 650 | |a Encapçalaments de matèria en català |x Il·lustracions, imatges, etc. |9 24146 | ||
| 650 | |a Encapçalaments de matèria en català |x Vídeos |9 24147 | ||
| 710 | 1 | |a Barcelona (Catalunya). |b Ajuntament |9 50981 | |
| 710 | 2 | |a Arxiu Municipal de Barcelona |9 55021 | |
| 901 | |a Arxiu | ||
| 942 | |n 1 | ||
| 952 | |0 0 |1 0 |4 0 |6 A1104 |7 1 |9 43000 |a Arxiu |b Arxiu |d 2016-12-01 |l 0 |o A-1-104 |p 11712 |r 2016-12-01 00:00:00 |w 2016-12-01 |y ARXIU | ||
| 999 | |c 45543 |d 45543 | ||